000 00553nam a2200181Ia 4500
008 240729s9999 xx 000 0 und d
022 _a2770-6710
245 0 _aBrain-Apparatus Communication
260 _aUnited Kingdom
260 _bTaylor & Francis Group
650 _a Internal medicine
650 _a Neurology. Diseases of the nervous system
650 _a Neurosciences. Biological psychiatry. Neuropsychiatry
650 _aMedicine
856 _uhttps://doaj.org/toc/b08f38ad469449d7a98ac23aaf4e500c
942 _2ddc
942 _cDOAJEJ
999 _c68655
_d68655
945 _a1
_bMadushi Gamage
_c1
_dMadushi Gamage